01429nam a22003617a 4500003000500000005001700005008004100022010001000063011001000073035001000083040000900093090001000102100003700112245008600149260004000235300002100275502006900296590003700365590004100402590004100443590004100484590004200525650004000567650003700607650003000644901000700674942001000681949004300691949005500734999001700789952012800806952013300934CHAP20220329140811.0971013s1995 r 00010 d a57839 a58811 a62967 cCHAP aTesis00aVillegas Romero, Isidro.9119775 aLevantamiento semidetallado de los suelos del Valle de Cocula, estado de Guerrero aChapingo, Méx. :bEl autor,c1995 a87 h.e+ 5 mapas aTesis (Ing. Agr. Esp. en Suelos) -- UACH. Departamento de Suelos aALEPHb10c20130110lUCH01h1336 aBATCH-UPDb10c20130110lUCH01h0800 aBATCH-UPDb10c20130410lUCH01h0439 aBATCH-UPDb10c20130914lUCH01h1723 aCONVERSIONb10c20130109lUCH01h133114aLevantamiento topográfico.96642614aSuelosxClasificación.911023914aSuelosxGuerrero.9110386 aBK cTESIS bBCcTESd-135120eTS1h28521i62967si bBCcTESd33724000088274eTS1fc.2h28522i62967si c57839d57839 00102local4051708TESISaBCbBCcPA_TESISd2019-12-31fTESISl0oTesisp-135120r2019-12-31 00:00:00w2019-12-31yTESIS 00102local4053708TESISaBCbBCcPA_TESISd2019-12-31fTESISl0p33724000088274r2019-12-31 00:00:00tc.2w2019-12-31yTESIS